ბათუმის შოთა რუსთაველის სახელმწიფო უნივერსიტეტის ბიბლიოთეკა

Контрпримеры в анализе (ბიბ.ჩანაწერი № 39151)

000 -LEADER
fixed length control field 00614nam a2200205Ia 4500
001 - CONTROL NUMBER
control field 5734
003 - CONTROL NUMBER IDENTIFIER
control field GE_BSU
008 - FIXED-LENGTH DATA ELEMENTS--GENERAL INFORMATION
fixed length control field 181216s||||||||xx |||||||||||||| ||und||
040 ## - CATALOGING SOURCE
Transcribing agency GE_BSU
080 ## - UNIVERSAL DECIMAL CLASSIFICATION NUMBER
Universal Decimal Classification number 517.1+517.51
100 ## - MAIN ENTRY--PERSONAL NAME
Personal name Гельбаум Б., Олмстед Дж.
245 ## - TITLE STATEMENT
Title Контрпримеры в анализе
245 ## - TITLE STATEMENT
Statement of responsibility, etc. Под ред. П.Л.Ульянова Пер. с английского Б.И. Голубова
260 ## - PUBLICATION, DISTRIBUTION, ETC.
Place of publication, distribution, etc. Москва.
260 ## - PUBLICATION, DISTRIBUTION, ETC.
Name of publisher, distributor, etc. Мир",
260 ## - PUBLICATION, DISTRIBUTION, ETC.
Date of publication, distribution, etc. 1967
300 ## - PHYSICAL DESCRIPTION
Extent 251с 20 см.
653 ## - INDEX TERM--UNCONTROLLED
Uncontrolled term Контрпримеры в анализе
942 ## - ADDED ENTRY ELEMENTS (KOHA)
Koha item type წიგნი
ეგზემპლარები
Withdrawn status Lost status Damaged status Not for loan Date acquired Barcode Date last seen Price effective from Koha item type
        2018-12-17 16587 2018-12-17 2018-12-17 წიგნი